| 000 | 00388nam a22001217a 4500 | ||
|---|---|---|---|
| 999 |
_c3415 _d3415 |
||
| 005 | 20201201111707.0 | ||
| 008 | 201201b ||||| |||| 00| 0 eng d | ||
| 020 | _a592454 | ||
| 040 | _cCML | ||
| 245 |
_aCommercial Dictionary of Southern Africa. _cBraby |
||
| 260 |
_aSouth Africa _bHead Office Publishing House _cFiction |
||
| 942 |
_2ddc _cBK _e1st Edition _h025 _kREF 025 _mBRA |
||